000 01122nas a2200349 4500
001 BR8300966
003 BR-BrBNA
005 20231205085442.0
007 ta
008 230509b bl.|||p| |||| 00| 00por d
040 _aBR-BrBNA
_bpor
_cBiblioteca Nacional de Agricultura
041 _a(Pt)
072 _aE10; E70
100 1 _aVaz, M.B.
100 1 _aPaniago, E.
100 1 _aAad Neto, A.
100 1 _aBrandt, S.A.
245 1 _aAnalise da rentabilidade da estocagem de produtos agricolas no estado de Goias [arroz, feijao, milho, soja, armazem, preco, Brasil]
_bParte de tese
246 1 _a[Analysis of the optimum storage period for farm products in the state of Goias [rice, beans, soybean, store, price, Brazil]]
_b[Part of thesis]
650 _aLUCRO
650 _aESTOCAGEM
650 _aARROZ
650 _aFEIJAO
650 _aSOJA
650 _aARMAZEM
650 _aPRECO
650 _aSAFRA
650 _aGOIAS
773 0 _tRevista Ceres (Brazil)
_xISSN 0034-737X
_g(Mar 1982), v. 29(162) p. 194-209
_wBR8300966
909 _a202311
_bLúcia
_c55
_dLúcia Elande
942 _2AGRIS
_n0
_cANA
999 _c111522
_d111522